Loading...
Let us C
| Main Author: | |
|---|---|
| Format: | Printed Book |
| Published: |
New Delhi
BPB Publications
2011
|
| Subjects: |
| LEADER | 00506nam a22001577a 4500 | ||
|---|---|---|---|
| 020 | |a 9788183331630 | ||
| 082 | |a 005.133 C |b KAN/L | ||
| 100 | |a Kanetkar, Yasavant P | ||
| 245 | |a Let us C | ||
| 260 | |a New Delhi |b BPB Publications |c 2011 | ||
| 300 | |a 711p. | ||
| 650 | |a Computer programming | ||
| 650 | |a C-Computer science | ||
| 942 | |c BK | ||
| 999 | |c 40805 |d 40805 | ||
| 952 | |0 0 |1 0 |4 0 |6 005_133000000000000_C_KANL |7 0 |8 Stack |9 43932 |a KUCL |b KUCL |c Stack |d 2016-07-22 |g 258.00 |l 0 |o 005.133 C KAN/L |p 42047 |r 2016-07-22 |w 2016-07-22 |y BK | ||